000
00335nam a2200145Ia 4500
100
_a
Gervae/Nick/ Clark/Peter
942
_c
BK
654
_a
Developing business
245
_a
Developing Business App with Open step
260
_b
Springer
_a
NONE
_c
1997
082
_a
5.2
_b
GER
300
_a
289
546
_a
ENGLISH
999
_c
21192
_d
21192